000 01149nam a2200229Ia 4500
003 Ost
005 20260507075550.0
008 260507s9999||||xx |||||||||||||| ||und||
020 _a88860699319
040 _cfsecg
041 _aara
082 _a330
100 _aطويطي، مصطفى
_eمؤلف
245 0 _aإختيار الإستثمارات في المؤسسة /
_c مصطفى طويطي
260 _aتلمسان:
_bالمكتب الجامعي الحديث,
_c2017
300 _a626 صفحة؛
_bإيضاحات ؛
_c25 سم
504 _aببليوغرافيا:ص.207؛الملاحق:ص.195
520 _aالإطار النظري لسياسة إختيار الإستثمارات -معايير إختيار الإستثمارات في حالة التأكد(طرق التقليدية) -معايير إختيار الإستثمارات في حالة التأكد(طرق الجديدة) -معايير إختيار الإستثمارات في حالة المخاطرة -معايير إختيار الإستثمارات في حالة عدم التأكد
653 _aالاستثمار
653 _aشركات
942 _cكتاب
999 _c44910
_d44910